One Direction - Albums par ordre chronologique - Statistiques

Statistiques générales
  • Ce quiz a été pris 53 fois
  • Le résultat moyen est 5 sur 5
Statistiques - réponses
Années Albums % Correct
2014 Four
100%
2013 Midnight Memories
98%
2011 Up All Night
98%
2012 Take Me Home
96%
2015 Made in the A.M.
94%
Aucun quiz correspondant
Distribution des résultats
% des personnes avec chaque résultat
Percentile par nombre de réponses
Votre historique - résultats
Vous n’avez pas pris ce quiz